[Event "4NCL Online Division 4"]
[Site "online"]
[Date "2020.04.28"]
[Round "4.93"]
[White "Metcalfe, Charlie P"]
[Black "Trudeau, Gary"]
[Result "1-0"]
[WhiteElo "1797"]
[BlackElo "1870"]
[PlyCount "55"]
[EventDate "2020.04.28"]
[WhiteTeam "Kent KJCA Kestrels C"]
[BlackTeam "East Cornwall Killers"]

1. d4 Nf6 2. c4 e6 3. Nc3 Bb4 4. e3 Bxc3+ 5. bxc3 c5 6. Bd3 Qa5 7. Ne2 d6 8.
O-O Nbd7 9. e4 e5 10. f4 O-O 11. Be3 Ng4 12. Bd2 Qd8 13. h3 Ngf6 14. fxe5 dxe5
15. Be3 b6 16. d5 h6 17. Ng3 Re8 18. a4 Nf8 19. a5 Bd7 20. axb6 axb6 21. Rxa8
Qxa8 22. Rxf6 gxf6 23. Nh5 Qd8 24. Bxh6 Ng6 25. Qf3 f5 26. exf5 e4 27. Bxe4 Qe7
28. fxg6 1-0

[Event "4NCL Online Division 4"]
[Site "online"]
[Date "2020.04.28"]
[Round "4.94"]
[White "Kirkman, Nigel J"]
[Black "Langley, Anthony M"]
[Result "1-0"]
[WhiteElo "1795"]
[BlackElo "1480"]
[PlyCount "145"]
[EventDate "2020.04.28"]
[WhiteTeam "East Cornwall Killers"]
[BlackTeam "Kent KJCA Kestrels C"]

1. c4 Nf6 2. g3 e5 3. Bg2 c6 4. Nc3 Bc5 5. e3 a6 6. a3 d6 7. b4 Ba7 8. h3 Be6
9. d3 Nbd7 10. Nf3 h6 11. O-O Nh7 12. Kh2 g5 13. Ne4 Ndf6 14. Nxf6+ Qxf6 15.
Bb2 h5 16. Qe2 g4 17. Nh4 Ng5 18. f4 Nf3+ 19. Bxf3 gxf3 20. Qxf3 Rh7 21. fxe5
Qxf3 22. Rxf3 O-O-O 23. exd6 Rxd6 24. e4 Bxc4 25. dxc4 Rd2+ 26. Ng2 Rxb2 27.
Raf1 h4 28. g4 Bb8+ 29. Kh1 Bg3 30. Nf4 Rh2+ 31. Kg1 Bxf4 32. Rxf4 Rxh3 33.
R1f3 Rg3+ 34. Rxg3 hxg3 35. Kg2 Kd7 36. Kxg3 Ke6 37. Rf5 Rg7 38. b5 axb5 39.
cxb5 Kd6 40. Kf4 c5 41. Rf6+ Kc7 42. a4 c4 43. Ke3 c3 44. Kd3 c2 45. Kxc2 Rxg4
46. Rxf7+ Kb6 47. Kd3 Rg3+ 48. Kd4 Ra3 49. Rf6+ Kc7 50. Kc5 Rxa4 51. Rf7+ Kc8
52. e5 Ra1 53. Rf8+ Kd7 54. Kb6 Rb1 55. Rf7+ Ke6 56. Rxb7 Kxe5 57. Rd7 Ke6 58.
Rd2 Rc1 59. Kb7 Rc5 60. b6 Ke7 61. Rh2 Kd6 62. Rh6+ Kd7 63. Rh7+ Kd6 64. Rc7
Ra5 65. Rc8 Kd7 66. Rc7+ Kd6 67. Kb8 Ra4 68. Rh7 Kc6 69. b7 Kd6 70. Rc7 Rh4 71.
Rc3 Kd7 72. Ra3 Rh7 73. Ka8 1-0

[Event "4NCL Online Division 4"]
[Site "online"]
[Date "2020.04.28"]
[Round "4.101"]
[White "Bevan, Peter M"]
[Black "George, Ian M"]
[Result "1-0"]
[WhiteElo "1855"]
[BlackElo "1922"]
[PlyCount "67"]
[EventDate "2020.04.28"]
[WhiteTeam "Morriston Alekhine"]
[BlackTeam "Camborne & Redruth"]

1. e4 c5 2. Nf3 e6 3. d3 d6 4. g3 Nc6 5. Bg2 Nf6 6. O-O Be7 7. Nbd2 O-O 8. Re1
Qc7 9. Nf1 Rb8 10. h4 b5 11. Bf4 e5 12. Bg5 Nd4 13. Bxf6 Bxf6 14. Ne3 Be6 15.
c3 Nxf3+ 16. Qxf3 c4 17. Rad1 cxd3 18. Rxd3 a5 19. Nd5 Bxd5 20. Rxd5 b4 21.
cxb4 Rxb4 22. b3 Rc8 23. Bh3 Rcb8 24. Red1 Be7 25. Bf1 Qc2 26. Bc4 Rxc4 27.
bxc4 Qxa2 28. Qc3 a4 29. c5 Rb3 30. cxd6 Bf8 31. Qxe5 Qa3 32. d7 f6 33. Qe6+
Kh8 34. Qd6 1-0

[Event "4NCL Online Division 4"]
[Site "online"]
[Date "2020.04.28"]
[Round "4.103"]
[White "Smith, Andrew R"]
[Black "Smith, Richard AL"]
[Result "1-0"]
[WhiteElo "1659"]
[BlackElo "1787"]
[PlyCount "73"]
[EventDate "2020.04.28"]
[WhiteTeam "Morriston Alekhine"]
[BlackTeam "Camborne & Redruth"]

1. e4 e5 2. Nf3 f5 3. Nxe5 Qf6 4. d4 d6 5. Nc4 fxe4 6. Nc3 c6 7. d5 Qf7 8. Nxe4
Qxd5 9. Nexd6+ Kd8 10. Nf7+ Ke8 11. Nxh8 Qxd1+ 12. Kxd1 Nf6 13. Bd3 Bc5 14. Be3
Bxe3 15. fxe3 Bg4+ 16. Kd2 Bh5 17. h3 b5 18. Ne5 Kf8 19. g4 Be8 20. g5 Nfd7 21.
Nxd7+ Nxd7 22. Bxh7 Rd8 23. Raf1+ Ke7 24. Kc1 Ne5 25. Rd1 Rc8 26. g6 Bd7 27.
Nf7 Nc4 28. b3 Nb6 29. Nd6 Rb8 30. Rhf1 Be6 31. Nf5+ Bxf5 32. Rxf5 Nd5 33. Rf7+
Ke6 34. Rxg7 Nc3 35. Rdd7 Nxa2+ 36. Kb2 Nb4 37. Rge7+ 1-0

[Event "4NCL Online Division 4"]
[Site "online"]
[Date "2020.04.28"]
[Round "4.104"]
[White "Oates, Thomas"]
[Black "Jones, Huw"]
[Result "0-1"]
[WhiteElo "1645"]
[BlackElo "1617"]
[PlyCount "136"]
[EventDate "2020.04.28"]
[WhiteTeam "Camborne & Redruth"]
[BlackTeam "Morriston Alekhine"]

1. d4 Nf6 2. c4 e6 3. Nc3 Bb4 4. Qc2 c5 5. dxc5 Bxc5 6. Bf4 O-O 7. e3 a6 8. Rd1
Nc6 9. Nf3 d5 10. cxd5 exd5 11. Nxd5 Qa5+ 12. Nc3 Nb4 13. Qb1 Be6 14. a3 Nbd5
15. b4 Nxb4 16. axb4 Bxb4 17. Bd3 Bxc3+ 18. Nd2 b5 19. e4 Rfd8 20. O-O Rac8 21.
Nb3 Qb6 22. Be3 Qb7 23. Nc5 Qc6 24. Rc1 Be5 25. f4 Bb8 26. f5 Bc4 27. Bxc4 bxc4
28. Rxc4 Qd6 29. h3 Qh2+ 30. Kf2 Qg3+ 31. Ke2 Qxg2+ 32. Rf2 Qxh3 33. Qg1 Qh5+
34. Rf3 Ng4 35. e5 Nxe5 36. Rcf4 Nxf3 37. Rxf3 Bd6 38. Ne4 Rc2+ 39. Bd2 Qh2+
40. Qxh2 Bxh2 41. Rf2 Bb8 42. Ke1 a5 43. Kd1 Rcc8 44. Rg2 g6 45. Nf6+ Kg7 46.
Nh5+ Kf8 47. Nf6 Bf4 48. Nxh7+ Kg7 49. fxg6 fxg6 50. Ng5 Rxd2+ 51. Rxd2 Bxd2
52. Kxd2 a4 53. Ne4 a3 54. Nc3 g5 55. Na2 g4 56. Ke3 Rc2 57. Nb4 Rh2 58. Kf4
Rb2 59. Nd3 a2 60. Nxb2 a1=Q 61. Nd3 Qd4+ 62. Kg3 Qxd3+ 63. Kh4 g3 64. Kh3 Kg6
65. Kg2 Kg5 66. Kg1 Kg4 67. Kg2 Qe2+ 68. Kg1 Qf2+ 0-1

[Event "4NCL Online Division 4"]
[Site "online"]
[Date "2020.04.28"]
[Round "4.111"]
[White "Putar, Leon"]
[Black "Chaplin, Peter E"]
[Result "1-0"]
[WhiteElo "1868"]
[BlackElo "2046"]
[PlyCount "41"]
[EventDate "2020.04.28"]
[WhiteTeam "St Benildus B"]
[BlackTeam "Weston Super Mare"]

1. e4 c5 2. Nf3 Nc6 3. c3 d5 4. exd5 Qxd5 5. d4 cxd4 6. cxd4 e5 7. Nc3 Bb4 8.
Bd2 Bxc3 9. Bxc3 e4 10. Ne5 Nxe5 11. dxe5 Ne7 12. Be2 O-O 13. O-O Bd7 14. Qc2
Bc6 15. Rfd1 Qe6 16. Rd6 Qf5 17. Qd2 Ng6 18. Qd4 Nf4 19. Bc4 Qg4 20. g3 e3 21.
Qxf4 1-0

[Event "4NCL Online Division 4"]
[Site "online"]
[Date "2020.04.28"]
[Round "4.112"]
[White "Szarka, Szilard"]
[Black "Boland, Dylan"]
[Result "1/2-1/2"]
[WhiteElo "1895"]
[BlackElo "1842"]
[PlyCount "96"]
[EventDate "2020.04.28"]
[WhiteTeam "Weston Super Mare"]
[BlackTeam "St Benildus B"]

1. e4 e5 2. Nf3 Nc6 3. Bb5 a6 4. Ba4 Nf6 5. O-O b5 6. Bb3 Bc5 7. d3 d6 8. a4
Be6 9. Bxe6 fxe6 10. Ng5 Ba7 11. axb5 axb5 12. Be3 Qd7 13. Nc3 Nd4 14. h3 O-O
15. Ne2 Nxe2+ 16. Qxe2 Bxe3 17. Qxe3 Nh5 18. d4 exd4 19. Qxd4 Nf4 20. Qe3 e5
21. Rxa8 Rxa8 22. Qb3+ d5 23. exd5 Qxd5 24. Qxd5+ Nxd5 25. Rd1 c6 26. b3 b4 27.
Nf3 Re8 28. Ra1 h6 29. Re1 e4 30. Nd4 c5 31. Nf5 Re5 32. Nd6 Nc3 33. f3 e3 34.
Nc4 Rd5 35. Rxe3 Rd1+ 36. Kh2 Rc1 37. Re5 Rxc2 38. Rxc5 Ne2 39. Rc8+ Kh7 40.
Rb8 Nf4 41. Kg3 g5 42. Kg4 Rxg2+ 43. Kf5 Re2 44. Rb7+ Kg8 45. Rb8+ Kg7 46. Rb7+
Kg8 47. Rb8+ Kg7 48. Rb7+ Kg8 1/2-1/2

[Event "4NCL Online Division 4"]
[Site "online"]
[Date "2020.04.28"]
[Round "4.113"]
[White "Putar, Lara"]
[Black "Sookphanich, Golf"]
[Result "1-0"]
[WhiteElo "1821"]
[BlackElo "1757"]
[PlyCount "23"]
[EventDate "2020.04.28"]
[WhiteTeam "St Benildus B"]
[BlackTeam "Weston Super Mare"]

1. d4 f6 2. c4 Kf7 3. Nf3 Ke6 4. g3 c6 5. Bh3+ Kd6 6. Bf4+ e5 7. dxe5+ Kc7 8.
exf6+ d6 9. Bxc8 Kxc8 10. Ng5 Qxf6 11. Nc3 Nd7 12. Nge4 1-0

[Event "4NCL Online Division 4"]
[Site "online"]
[Date "2020.04.28"]
[Round "4.114"]
[White "Isaac, Oliver T"]
[Black "Murray, Benjamin"]
[Result "0-1"]
[WhiteElo "1682"]
[BlackElo "1746"]
[PlyCount "84"]
[EventDate "2020.04.28"]
[WhiteTeam "Weston Super Mare"]
[BlackTeam "St Benildus B"]

1. d4 d5 2. Bf4 Nf6 3. e3 e6 4. Nf3 Bd6 5. Bg3 O-O 6. Bd3 b6 7. Nbd2 Ba6 8. Qe2
Bxd3 9. cxd3 c5 10. dxc5 bxc5 11. Bxd6 Qxd6 12. O-O Nc6 13. Rfc1 Rfc8 14. Nb3
Ne7 15. d4 c4 16. Nc5 Nd7 17. Nxd7 Qxd7 18. Ne5 Qb7 19. Qf3 Nc6 20. Nxc6 Rxc6
21. Qe2 Rb6 22. Rc2 Rb8 23. Rb1 a5 24. Qd2 a4 25. Qc3 Qe7 26. f3 Qb4 27. Re1
Qxc3 28. bxc3 Rb2 29. Ree2 Rxc2 30. Rxc2 a3 31. Kf2 Rb2 32. Re2 g5 33. f4 gxf4
34. exf4 Kg7 35. Kf3 Kg6 36. g4 h5 37. h3 Rb1 38. Rc2 h4 39. Kg2 Kf6 40. Kf2
Rd1 41. Kg2 Rd3 42. Kh2 Rf3 0-1

[Event "4NCL Online Division 4"]
[Site "online"]
[Date "2020.04.28"]
[Round "4.121"]
[White "Jenkins, John"]
[Black "Spiller, Paul"]
[Result "1/2-1/2"]
[WhiteElo "2065"]
[BlackElo "1900"]
[PlyCount "44"]
[EventDate "2020.04.28"]
[WhiteTeam "Stroud The Old"]
[BlackTeam "Clevedon"]

1. d4 f5 2. Bf4 e6 3. Nf3 Nf6 4. e3 d5 5. Bd3 Be7 6. h3 c6 7. c3 Nbd7 8. Nbd2
Ne4 9. Qc2 c5 10. g4 c4 11. Be2 b5 12. Nxe4 fxe4 13. Ne5 Nxe5 14. Bxe5 O-O 15.
O-O a5 16. f3 exf3 17. Bxf3 Bg5 18. e4 Bb7 19. exd5 Bxd5 20. Be4 Rxf1+ 21. Rxf1
Bxe4 22. Qxe4 Qd5 1/2-1/2

[Event "4NCL Online Division 4"]
[Site "online"]
[Date "2020.04.28"]
[Round "4.122"]
[White "Peters, David"]
[Black "Brown, Graham K"]
[Result "1-0"]
[WhiteElo "1795"]
[BlackElo "1757"]
[PlyCount "87"]
[EventDate "2020.04.28"]
[WhiteTeam "Clevedon"]
[BlackTeam "Stroud The Old"]

1. e4 d5 2. exd5 Nf6 3. Bb5+ Bd7 4. Bc4 c6 5. dxc6 Nxc6 6. Nf3 e6 7. d4 Be7 8.
O-O O-O 9. Nc3 Rc8 10. Bb3 Qb6 11. Ne2 Na5 12. c3 Nxb3 13. Qxb3 Qa6 14. Qc2
Rfd8 15. Ng3 Bc6 16. Qd1 b5 17. Bd2 Qb7 18. Re1 Qa8 19. Qe2 a6 20. Rac1 h6 21.
Red1 Nh7 22. Ne1 Ng5 23. f3 Bf6 24. Nh5 Nh7 25. Nxf6+ Nxf6 26. Nd3 Nh7 27. Qe5
Rd5 28. Qg3 Kh8 29. Re1 Rf5 30. Re5 Rf6 31. Ne1 Rd8 32. Re2 Rd5 33. Re5 Qd8 34.
Nd3 Rg6 35. Qf2 Rf6 36. Nb4 Ba8 37. Nxd5 Bxd5 38. b3 Nf8 39. c4 bxc4 40. bxc4
Ba8 41. Rce1 Nd7 42. R5e2 Nb6 43. Ba5 Rf5 44. c5 1-0

[Event "4NCL Online Division 4"]
[Site "online"]
[Date "2020.04.28"]
[Round "4.123"]
[White "Walker, Adrian"]
[Black "Iles, Stuart P"]
[Result "1/2-1/2"]
[WhiteElo "1750"]
[BlackElo "1832"]
[PlyCount "88"]
[EventDate "2020.04.28"]
[WhiteTeam "Stroud The Old"]
[BlackTeam "Clevedon"]

1. e4 Nc6 2. Nf3 Nf6 3. e5 Ng4 4. d4 d6 5. h3 Nh6 6. Nc3 a6 7. a3 e6 8. exd6
Qxd6 9. Bxh6 gxh6 10. Ne4 Qe7 11. Bd3 Rg8 12. Ng3 f5 13. Qd2 Bd7 14. O-O-O Bg7
15. Bc4 O-O-O 16. Rhe1 Qd6 17. Qe2 Qf4+ 18. Kb1 Bxd4 19. Bxa6 Bxf2 20. Qxf2
Rxg3 21. Bb5 Nb8 22. Rd4 Rxf3 23. gxf3 Qg5 24. Red1 c6 25. Bc4 Rg8 26. Qe2 Qf6
27. Rd6 Rg6 28. Qd3 Qf7 29. Qb3 Qe7 30. Qe3 e5 31. f4 Rxd6 32. Rxd6 Qxd6 33.
fxe5 Qd1+ 34. Ka2 Qxc2 35. Bb3 Qe4 36. Qg3 f4 37. Qg8+ Kc7 38. e6 f3 39. Qg7 f2
40. Qg3+ Kd8 41. Qxf2 Bxe6 42. Qf8+ Kc7 43. Qe7+ Kb6 44. Bxe6 Na6 1/2-1/2

[Event "4NCL Online Division 4"]
[Site "online"]
[Date "2020.04.28"]
[Round "4.124"]
[White "Chindelevitch, Leonid"]
[Black "Reekie-Black, Matthew"]
[Result "1-0"]
[WhiteElo "1810"]
[BlackElo "1615"]
[PlyCount "75"]
[EventDate "2020.04.28"]
[WhiteTeam "Clevedon"]
[BlackTeam "Stroud The Old"]

1. e4 e5 2. Nf3 Nc6 3. Bc4 Nf6 4. Ng5 Bc5 5. Bxf7+ Ke7 6. Bd5 d6 7. O-O Bg4 8.
Nf3 Nd4 9. c3 Nxf3+ 10. gxf3 Bh3 11. d4 Nxd5 12. exd5 Qe8 13. Bg5+ Kd7 14. Qd3
Qg6 15. Qxg6 hxg6 16. dxc5 Bxf1 17. Kxf1 Rxh2 18. Ke2 Rh1 19. b4 Rah8 20. Kd2
R8h2 21. Be3 Rg2 22. a4 Rgg1 23. Kc2 Rh3 24. f4 exf4 25. Bxf4 a6 26. Ra3 Rf3
27. Be3 Rg2 28. c4 c6 29. Rd3 cxd5 30. cxd5 g5 31. Nd2 Rf5 32. Ne4 g4 33. Nxd6
Rh5 34. Nxb7 g3 35. c6+ Kc8 36. Bb6 gxf2 37. Nd6+ Kb8 38. c7+ 1-0

[Event "4NCL Online Division 4"]
[Site "online"]
[Date "2020.04.28"]
[Round "4.131"]
[White "Rathbone-Jones, Ifan"]
[Black "Clissold, Ben S"]
[Result "0-1"]
[WhiteElo "2072"]
[BlackElo "2135"]
[PlyCount "106"]
[EventDate "2020.04.28"]
[WhiteTeam "To Be Decided"]
[BlackTeam "Manchester Juniors A"]

1. d4 Nf6 2. Bf4 g6 3. Nc3 d6 4. e4 Bg7 5. Qd2 O-O 6. O-O-O c6 7. f3 b5 8. Bh6
Qa5 9. h4 b4 10. Nb1 Qxa2 11. Bxg7 Kxg7 12. h5 Nbd7 13. g4 e5 14. hxg6 fxg6 15.
Qh6+ Kg8 16. g5 Nh5 17. Rxh5 gxh5 18. Bh3 Nf6 19. gxf6 Qf7 20. dxe5 dxe5 21.
Bxc8 Raxc8 22. Nh3 Qxf6 23. Rg1+ Kh8 24. Qxh5 Rcd8 25. Nd2 Rg8 26. Rg5 Qd6 27.
Rxg8+ Kxg8 28. Qg5+ Kh8 29. Nf2 Rg8 30. Nc4 Rxg5 31. Nxd6 Kg7 32. Nf5+ Kf6 33.
Kd2 h5 34. Ke3 a5 35. Nd3 Rg2 36. Nf2 a4 37. Nd3 a3 38. bxa3 bxa3 39. Nb4 c5
40. Nd5+ Kg5 41. f4+ exf4+ 42. Nxf4 Rxc2 43. Kd3 Rh2 44. Ne6+ Kf6 45. Nxc5 a2
46. Nb3 Rb2 47. Na1 Rb1 48. Nc2 Rc1 49. Nfe3 h4 50. Nd5+ Ke5 51. Ndb4 a1=Q 52.
Nxa1 Rxa1 53. Nc6+ Kd6 0-1

[Event "4NCL Online Division 4"]
[Site "online"]
[Date "2020.04.28"]
[Round "4.132"]
[White "Parry, Samuel"]
[Black "Gurner, Jem"]
[Result "0-1"]
[WhiteElo "1812"]
[BlackElo "1975"]
[PlyCount "68"]
[EventDate "2020.04.28"]
[WhiteTeam "Manchester Juniors A"]
[BlackTeam "To Be Decided"]

1. d4 g6 2. e4 Bg7 3. Nc3 d6 4. Bg5 Nf6 5. Qd2 a6 6. f4 b5 7. e5 Nfd7 8. Nf3
Bb7 9. Bd3 O-O 10. O-O dxe5 11. fxe5 c5 12. d5 Nxe5 13. Nxe5 Bxe5 14. Be4 Qd6
15. g3 Nd7 16. Bxe7 Bxc3 17. Bxd6 Bxd2 18. Bxf8 Rxf8 19. Rad1 Be3+ 20. Kg2 Re8
21. Bf3 Bd4 22. c3 Be5 23. Rfe1 f6 24. d6 Bxf3+ 25. Kxf3 Re6 26. Rd5 Kf7 27.
Red1 Ke8 28. a4 Kd8 29. axb5 axb5 30. Ra1 Bxd6 31. Ra5 Kc7 32. Rd1 Ne5+ 33. Kg2
Nc4 34. Rda1 Nxa5 0-1

[Event "4NCL Online Division 4"]
[Site "online"]
[Date "2020.04.28"]
[Round "4.133"]
[White "Jaberansari, Daniel"]
[Black "Clissold, Julian"]
[Result "0-1"]
[WhiteElo "1645"]
[BlackElo "1795"]
[PlyCount "148"]
[EventDate "2020.04.28"]
[WhiteTeam "To Be Decided"]
[BlackTeam "Manchester Juniors A"]

1. e4 e6 2. Nf3 d5 3. e5 c5 4. b4 b6 5. a3 Bb7 6. d4 cxd4 7. Nxd4 Nc6 8. c3
Nxe5 9. Bb5+ Nd7 10. Qa4 Ngf6 11. Bg5 Be7 12. O-O O-O 13. Nd2 a6 14. Bd3 h6 15.
Bh4 b5 16. Qc2 Rc8 17. N2b3 Re8 18. Na5 Ba8 19. f4 Nb6 20. Rad1 Nc4 21. Bxc4
bxc4 22. Bxf6 Bxf6 23. Nf3 Qc7 24. Nd4 Bxd4+ 25. Rxd4 Qb6 26. Kh1 Re7 27. Qf2
Rce8 28. Qf3 Qc7 29. f5 e5 30. f6 exd4 31. fxe7 Qxe7 32. cxd4 f6 33. h3 Qe4 34.
Qxe4 Rxe4 35. Rd1 Kf7 36. a4 Re6 37. b5 axb5 38. axb5 Rb6 39. Rb1 Ke6 40. Kh2
Kf5 41. Ra1 Rxb5 42. Nxc4 dxc4 43. Rxa8 Rd5 44. Rc8 Rxd4 45. Rc7 Kg6 46. Rc5 f5
47. Rc7 Kf6 48. Rc6+ Kg5 49. Rc7 g6 50. Rc5 Kf4 51. Rc6 Kg5 52. Rc5 h5 53. Rc6
Re4 54. Rc5 Kf4 55. Rc6 g5 56. Rc5 h4 57. Rc8 g4 58. hxg4 fxg4 59. Rc5 Ke3 60.
g3 h3 61. Rc8 Kd3 62. Rd8+ Kc2 63. Rc8 c3 64. Rc5 Rd4 65. Rc8 Kd2 66. Rf8 c2
67. Rf2+ Kc3 68. Rxc2+ Kxc2 69. Kh1 Rd2 70. Kg1 Kd3 71. Kh1 Ke3 72. Kg1 Kf3 73.
Kh1 Kxg3 74. Kg1 Rd1# 0-1

[Event "4NCL Online Division 4"]
[Site "online"]
[Date "2020.04.28"]
[Round "4.134"]
[White "Gardiner, Ethan"]
[Black "Chadha, Sambhav"]
[Result "0-1"]
[WhiteElo "1795"]
[BlackElo "1706"]
[PlyCount "76"]
[EventDate "2020.04.28"]
[WhiteTeam "Manchester Juniors A"]
[BlackTeam "To Be Decided"]

1. e4 c5 2. Nc3 g6 3. g3 Bg7 4. Bg2 Nc6 5. d3 d6 6. Be3 e5 7. Qd2 Nge7 8. Bh6
O-O 9. h4 f5 10. h5 f4 11. Bxg7 Kxg7 12. hxg6 hxg6 13. Nf3 Nd4 14. gxf4 Bg4 15.
Nxd4 cxd4 16. Ne2 Bxe2 17. Qxe2 Qa5+ 18. Qd2 Qxd2+ 19. Kxd2 Rxf4 20. f3 Rh8 21.
Rxh8 Kxh8 22. Rh1+ Kg7 23. c3 Nc6 24. c4 Nd8 25. b4 b6 26. Ke2 Ne6 27. Kd2 g5
28. Ke2 Rh4 29. Rxh4 gxh4 30. Kd2 Nf4 31. Bh1 Kg6 32. Kc2 Kg5 33. a4 a5 34. c5
dxc5 35. bxa5 bxa5 36. Kb3 Nxd3 37. Kc4 Nf2 38. Bg2 h3 0-1

[Event "4NCL Online Division 4"]
[Site "online"]
[Date "2020.04.28"]
[Round "4.141"]
[White "Hill, Jonathan S"]
[Black "Hogarth, Mark J"]
[Result "1-0"]
[WhiteElo "1975"]
[BlackElo "1902"]
[PlyCount "93"]
[EventDate "2020.04.28"]
[WhiteTeam "Urmston"]
[BlackTeam "Surbiton 3"]

1. d4 Nf6 2. Bf4 c5 3. e3 e6 4. Nf3 d5 5. c3 Bd6 6. Bg3 h5 7. Nbd2 cxd4 8. exd4
Nc6 9. Bd3 Bxg3 10. hxg3 Ng4 11. Qe2 Bd7 12. O-O-O Qc7 13. Kb1 O-O-O 14. Ng5
Rdf8 15. f3 Nf6 16. f4 g6 17. Ndf3 Ng4 18. Ne5 Ncxe5 19. fxe5 f6 20. exf6 Qxg3
21. Rh3 Qf2 22. f7 Qxe2 23. Bxe2 Nf2 24. Rf1 Nxh3 25. gxh3 Kd8 26. h4 Ke7 27.
Bd3 Rh6 28. Rf4 a6 29. Kc2 Ba4+ 30. b3 Bd7 31. c4 Bc6 32. c5 a5 33. Kc3 Bd7 34.
a3 Bc6 35. b4 axb4+ 36. axb4 Ba4 37. Rf1 Bd7 38. b5 Ra8 39. Kb4 e5 40. dxe5 Be6
41. Nxe6 Kxe6 42. f8=Q Rxf8 43. Rxf8 Kxe5 44. Rf7 Kd4 45. Bc2 b6 46. cxb6 Rh8
47. Bxg6 1-0

[Event "4NCL Online Division 4"]
[Site "online"]
[Date "2020.04.28"]
[Round "4.142"]
[White "Voiculescu-Holvad, Stefan"]
[Black "Niedbal, Piotr"]
[Result "1-0"]
[WhiteElo "1772"]
[BlackElo "1893"]
[PlyCount "73"]
[EventDate "2020.04.28"]
[WhiteTeam "Surbiton 3"]
[BlackTeam "Urmston"]

1. d4 Nf6 2. c4 g6 3. Nf3 Bg7 4. g3 O-O 5. Bg2 d6 6. O-O Nc6 7. d5 Nb8 8. Nc3
a5 9. e4 Na6 10. Re1 e5 11. dxe6 Bxe6 12. Qe2 Ng4 13. Bg5 Qd7 14. Nd5 h6 15.
Bf4 f5 16. exf5 Bxd5 17. cxd5 Qxf5 18. Nh4 Qh5 19. Qe6+ Kh7 20. h3 Ne5 21. Bxe5
Bxe5 22. Be4 Rf6 23. Qe7+ Kg8 24. f4 Rf7 25. Qe6 Nc5 26. Qxg6+ Qxg6 27. Bxg6
Bd4+ 28. Kg2 Rg7 29. Nf5 Bxb2 30. Nxg7 Bxa1 31. Nf5 Bc3 32. Re7 c6 33. Nxh6+
Kf8 34. Nf5 cxd5 35. Rf7+ Kg8 36. Nh6+ Kh8 37. Rh7# 1-0

[Event "4NCL Online Division 4"]
[Site "online"]
[Date "2020.04.28"]
[Round "4.143"]
[White "Whalley, Mark E"]
[Black "Seymour, Paul"]
[Result "1-0"]
[WhiteElo "1712"]
[BlackElo "1667"]
[PlyCount "39"]
[EventDate "2020.04.28"]
[WhiteTeam "Urmston"]
[BlackTeam "Surbiton 3"]

1. d4 d5 2. Bf4 Nf6 3. e3 c5 4. c3 e6 5. Nd2 b6 6. Ngf3 Ba6 7. Bxa6 Nxa6 8.
Qa4+ Qd7 9. Qxa6 Be7 10. Qd3 O-O 11. h3 h6 12. Ne5 Qb7 13. O-O c4 14. Qe2 b5
15. Qf3 Rac8 16. Rfe1 Rfd8 17. e4 a5 18. exd5 Rxd5 19. Ne4 Qb6 20. Bxh6 1-0

[Event "4NCL Online Division 4"]
[Site "online"]
[Date "2020.04.28"]
[Round "4.144"]
[White "Morrison, Joseph"]
[Black "Randall, Grant"]
[Result "0-1"]
[WhiteElo "1495"]
[BlackElo "1540"]
[PlyCount "86"]
[EventDate "2020.04.28"]
[WhiteTeam "Surbiton 3"]
[BlackTeam "Urmston"]

1. c4 c6 2. Nc3 Nf6 3. g3 d5 4. cxd5 cxd5 5. d4 e6 6. Bg2 Bd6 7. Nf3 Nc6 8. O-O
a6 9. a3 O-O 10. Re1 b5 11. b4 Bb7 12. Qc2 Rc8 13. Bb2 Re8 14. Rad1 Qd7 15. Qb1
Rc7 16. Na2 Rec8 17. Ne5 Bxe5 18. dxe5 Ne8 19. e4 Ne7 20. f4 Rc2 21. exd5 Nxd5
22. Rc1 Rxg2+ 23. Kxg2 Nc3+ 24. Kg1 Nxb1 25. Rxb1 Qd5 26. Re2 Qh1+ 27. Kf2 Qxb1
28. Nc3 Qh1 29. Ke3 Qf3+ 30. Kd2 Rd8+ 31. Kc2 Nc7 32. Ba1 Nd5 33. Rd2 Rc8 34.
Rd3 Qe4 35. Kd2 Nxc3 36. Bxc3 Bd5 37. Re3 Qb1 38. Re1 Qa2+ 39. Kd3 Qc4+ 40. Kd2
Qxc3+ 41. Ke2 Qf3+ 42. Kd2 Qf2+ 43. Kd1 Bb3# 0-1

[Event "4NCL Online Division 4"]
[Site "online"]
[Date "2020.04.28"]
[Round "4.151"]
[White "Robbings, Andrew MJ"]
[Black "Chwieseni, Edward I"]
[Result "1-0"]
[WhiteElo "2027"]
[BlackElo "1696"]
[PlyCount "87"]
[EventDate "2020.04.28"]
[WhiteTeam "Wantage"]
[BlackTeam "War & Piece"]

1. e4 e5 2. Nf3 Nc6 3. Bb5 a6 4. Bxc6 dxc6 5. h3 Bd6 6. O-O Nf6 7. Re1 O-O 8.
d4 Bb4 9. c3 Ba5 10. Nxe5 h6 11. Nd2 Be6 12. Ndc4 Bxc4 13. Nxc4 Bb6 14. Nxb6
cxb6 15. Qf3 Qd7 16. Bxh6 gxh6 17. Qxf6 Qe6 18. Qf4 Rac8 19. Re3 Kh7 20. Qf5+
Qxf5 21. exf5 Rfe8 22. Rae1 Rxe3 23. Rxe3 Kg7 24. g4 Kf6 25. Kg2 Rd8 26. Rd3
Rd5 27. Kg3 b5 28. Kf4 a5 29. h4 b6 30. g5+ hxg5+ 31. hxg5+ Kg7 32. Kg4 c5 33.
f6+ Kf8 34. f4 cxd4 35. Rxd4 Rxd4 36. cxd4 Ke8 37. f5 b4 38. g6 fxg6 39. fxg6
a4 40. Kf5 b3 41. a3 b5 42. Ke4 b4 43. Kd3 bxa3 44. bxa3 1-0

[Event "4NCL Online Division 4"]
[Site "online"]
[Date "2020.04.28"]
[Round "4.152"]
[White "Chapman, Chas"]
[Black "Piggott, Roly"]
[Result "1/2-1/2"]
[WhiteElo "1675"]
[BlackElo "1772"]
[PlyCount "81"]
[EventDate "2020.04.28"]
[WhiteTeam "War & Piece"]
[BlackTeam "Wantage"]

1. e4 Nf6 2. Nc3 d5 3. exd5 Nxd5 4. Nxd5 Qxd5 5. d4 Nc6 6. c3 g6 7. Qf3 Qxf3 8.
Nxf3 Bg7 9. h3 Bf5 10. Bb5 Bd7 11. O-O a6 12. Bc4 O-O 13. Bf4 Rac8 14. Rfe1 b5
15. Bd3 e6 16. Ne5 Nxe5 17. Bxe5 Rfd8 18. Bxg7 Kxg7 19. Re3 c5 20. dxc5 Rxc5
21. Rae1 Bc6 22. Be4 Bxe4 23. Rxe4 Rd2 24. R1e2 Rcd5 25. Kf1 Rd1+ 26. Re1 R5d2
27. R4e2 Kf6 28. Rxd2 Rxd2 29. Re2 Rd1+ 30. Re1 Rxe1+ 31. Kxe1 Ke5 32. Kd2 g5
33. Kd3 Kd5 34. b3 h5 35. Ke3 f5 36. g3 e5 37. f3 f4+ 38. gxf4 exf4+ 39. Ke2
Ke5 40. Kd3 Kd5 41. Ke2 1/2-1/2

[Event "4NCL Online Division 4"]
[Site "online"]
[Date "2020.04.28"]
[Round "4.153"]
[White "Leake, John"]
[Black "O'Byrne, Daniel"]
[Result "0-1"]
[WhiteElo "1307"]
[BlackElo "1669"]
[PlyCount "59"]
[EventDate "2020.04.28"]
[WhiteTeam "Wantage"]
[BlackTeam "War & Piece"]

1. d4 Nf6 2. Nc3 d5 3. Nf3 Bf5 4. e3 a6 5. Nh4 Bg6 6. Nxg6 hxg6 7. h3 Nc6 8. a3
Qd7 9. g3 e5 10. dxe5 Nxe5 11. h4 c6 12. Bg2 Qc7 13. Ne2 Bd6 14. Bd2 O-O-O 15.
Bc3 Rhe8 16. Qd2 Nfg4 17. Nf4 Nc4 18. Qd3 Ncxe3 19. Kd2 Nxf2 20. Qxe3 Rxe3 21.
Kxe3 Nxh1 22. Rxh1 Re8+ 23. Kd2 Bxf4+ 24. Kd1 Bxg3 25. Bd2 Qe5 26. c3 Qe2+ 27.
Kc2 Qxg2 28. Rc1 Re2 29. Rd1 Bf4 30. Kb3 0-1

[Event "4NCL Online Division 4"]
[Site "online"]
[Date "2020.04.28"]
[Round "4.154"]
[White "Thomas, Jacob"]
[Black "Cordon, Ray"]
[Result "1-0"]
[WhiteElo "1457"]
[BlackElo "1232"]
[PlyCount "121"]
[EventDate "2020.04.28"]
[WhiteTeam "War & Piece"]
[BlackTeam "Wantage"]

1. e4 e5 2. Nf3 Nc6 3. Bb5 a6 4. Bxc6 dxc6 5. O-O f6 6. d4 Qd6 7. dxe5 fxe5 8.
Bg5 Nf6 9. Nc3 Be7 10. Qe2 Bg4 11. h3 Bxf3 12. Qxf3 O-O 13. Qg3 Rf7 14. f4 Nh5
15. Qg4 Nxf4 16. Bxf4 exf4 17. Rad1 Qc5+ 18. Kh1 Qe5 19. h4 h5 20. Qh3 Raf8 21.
g4 fxg3 22. Rxf7 Rxf7 23. Qc8+ Rf8 24. Qxb7 Bxh4 25. Qxc6 g2+ 26. Kxg2 Qg5+ 27.
Kh1 Qf4 28. Qd5+ Rf7 29. Qxh5 g6 30. Qxg6+ Kf8 31. Qh5 Qf6 32. Qc5+ Kg7 33.
Rg1+ Bg5 34. Rxg5+ Kh6 35. Rh5+ Kg7 36. Qg5+ Kf8 37. Qxf6 Rxf6 38. Rf5 Rxf5 39.
exf5 Kf7 40. Kg2 Kf6 41. Kf3 Kxf5 42. Ke3 Ke5 43. Kd3 c6 44. Kc4 Kd6 45. b4 Kc7
46. Kc5 Kb7 47. a4 Kc7 48. a5 Kb7 49. Ne4 Kc7 50. Nd6 Kb8 51. Kxc6 Ka7 52. c4
Kb8 53. Kb6 Ka8 54. c5 Kb8 55. c6 Ka8 56. b5 axb5 57. Nxb5 Kb8 58. a6 Ka8 59.
Nc7+ Kb8 60. a7+ Kc8 61. a8=Q# 1-0